| 000 | 00735nam a2200133Ia 4500 | ||
|---|---|---|---|
| 008 | 171212s9999 xx 000 0 und d | ||
| 020 | _a9780833034533 | ||
| 100 | _aEmmerichs, Robert M.;Marcum, Cheryl Y.;Robbert, Albert A.;Frelinger, David R.;Fossum, Donna;Arquilla, John | ||
| 245 |
_cEmmerichs, Robert M.;Marcum, Cheryl Y.;Robbert, Albert A.;Frelinger, David R.;Fossum, Donna;Arquilla, John _aAn Executive Perspective on Workforce Planning |
||
| 260 |
_bRAND Corporation _c2004 |
||
| 650 | _aManagement & Organizational Behavior | ||
| 650 | _aUnited States -- Armed Forces -- Procurement; United States -- Armed Forces -- Personnel management; Manpower planning -- United States | ||
| 856 | _uwww.jstor.org/stable/10.7249/mr1684-2osd | ||
| 999 |
_c351727 _d351727 |
||